Mi torero / (Record no. 192499)
[ view plain ]
| 000 -LEADER | |
|---|---|
| campo de control de longitud fija | 01134nam a2200313 i 4500 |
| 001 - NÚMERO DE CONTROL | |
| campo de control | 192499 |
| 003 - IDENTIFICADOR DE NÚMERO DE CONTROL | |
| campo de control | ES-MaACL |
| 005 - FECHA Y HORA DE LA ÚLTIMA TRANSACCIÓN | |
| campo de control | 20241113173358.0 |
| 008 - DATOS DE LONGITUD FIJA--INFORMACIÓN GENERAL | |
| campo de control de longitud fija | 230120s2020 sp |||| ||spa d |
| 017 ## - NÚMERO DE COPYRIGHT O DE DEPÓSITO LEGAL | |
| Número de copyright o de depósito legal | M-3161-2020 |
| Agencia que asigna | Oficina Depósito Legal Madrid |
| 020 ## - NÚMERO INTERNACIONAL ESTÁNDAR DEL LIBRO | |
| Número Internacional Estándar del Libro | 9788409176113 |
| 040 ## - FUENTE DE CATALOGACIÓN | |
| Centro/agencia transcriptor | ES-MaACL |
| 080 ## - NÚMERO DE LA CLASIFICACIÓN DECIMAL UNIVERSAL | |
| Número de la Clasificación Decimal Universal | 791.862 |
| 080 ## - NÚMERO DE LA CLASIFICACIÓN DECIMAL UNIVERSAL | |
| Número de la Clasificación Decimal Universal | 929 (082.2) |
| 245 00 - MENCIÓN DEL TÍTULO | |
| Título | Mi torero / |
| Mención de responsabilidad, etc. | [edición, Rafael Cabrera Bonet ; prólogo, Ignacio Castro Rey] |
| 260 ## - PUBLICACIÓN, DISTRIBUCIÓN, ETC. | |
| Lugar de publicación, distribución, etc. | Madrid : |
| Nombre del editor, distribuidor, etc. | Tertulia Internacional de Juegos y Ritos Táuricos, |
| Fecha de publicación, distribución, etc. | 2020 |
| 300 ## - DESCRIPCIÓN FÍSICA | |
| Extensión | 112 páginas, [1] página de lámina ; |
| Dimensiones | 18 cm. |
| 500 ## - NOTA GENERAL | |
| Nota general | Índice |
| 504 ## - NOTA DE BIBLIOGRAFÍA, ETC. | |
| Nota de bibliografía, etc. | Bibliografía: página 112 |
| 650 #4 - PUNTO DE ACCESO ADICIONAL DE MATERIA--TÉRMINO DE MATERIA | |
| Término de materia o nombre geográfico como elemento de entrada | Tauromaquia- |
| Subdivisión general | Aspectos sociales. |
| 9 (RLIN) | 176262 |
| 650 #4 - PUNTO DE ACCESO ADICIONAL DE MATERIA--TÉRMINO DE MATERIA | |
| Término de materia o nombre geográfico como elemento de entrada | Toreros- |
| Subdivisión geográfica | Biografías. |
| 9 (RLIN) | 17560 |
| 700 1# - ENTRADA AGREGADA--NOMBRE PERSONAL | |
| 9 (RLIN) | 155331 |
| Nombre de persona | Cabrera Bonet, Rafael |
| Término indicativo de función/relación | Editor literario |
| 700 1# - ENTRADA AGREGADA--NOMBRE PERSONAL | |
| Nombre de persona | Castro, Ignacio, |
| Fechas asociadas al nombre | 1952- |
| Término indicativo de función/relación | Autor de introducción |
| 9 (RLIN) | 234941 |
| 710 2# - ENTRADA AGREGADA--NOMBRE DE ENTIDAD CORPORATIVA | |
| 9 (RLIN) | 155328 |
| Nombre de entidad corporativa o nombre de jurisdicción como elemento de entrada | Tertulia Internacional de Juegos y Ritos Táuricos |
| 852 ## - LOCALIZACIÓN | |
| Ubicación | ES-MaACL |
| Número de control de estantería | N-8095 |
| Sublocalización o colección | R. 152925 |
| Ubicación en estantería | Depósito J |
| Donativo/Legado | Donación: Editorial |
| itemnumber | 199793 |
| 942 ## - ELEMENTOS DE ENTRADA SECUNDARIOS (KOHA) | |
| Tipo de ítem Koha | Libro impreso |
| Suprimir en OPAC | No |
| Estatus retirado | Estado de pérdida | Fuente del sistema de clasificación o colocación | Estado de daño | No para préstamo | Biblioteca de origen | Biblioteca actual | Ubicación en estantería | Fecha de adquisición | Total de préstamos | Signatura topográfica completa | Código de barras | Visto por última vez | Tipo de ítem Koha |
|---|---|---|---|---|---|---|---|---|---|---|---|---|---|
| Clasificación decimal universal | Biblioteca del Ateneo de Madrid | Biblioteca del Ateneo de Madrid | Depósito J | 20/01/2023 | N-8095 | 101206378 | 23/02/2023 | Libro impreso |
